[Event "Porto Alegre op"]
[Site "Porto Alegre"]
[Date "2023.05.07"]
[Round "5"]
[White "Almeida, Joao Pedro Santos"]
[Black "Taketa, Raykon Shizuka"]
[Result "0-1"]
[WhiteElo "1800"]
[BlackElo "1770"]
[PlyCount "104"]
[EventDate "2023.05.05"]
[EventType "swiss"]
[EventRounds "7"]
[EventCountry "BRA"]
[SourceTitle "CBM 214 Extra"]
[Source "ChessBase"]
[SourceDate "2023.07.31"]
[SourceVersion "1"]
[SourceVersionDate "2023.07.31"]
[SourceQuality "1"]

1. d4 Nf6 2. c4 g6 3. Nf3 Bg7 4. g3 d6 5. Bg2 0-0 6. Nc3 Nbd7 7. 0-0 e5 8. e4 a5 9. Re1 Re8 10. h3 h6 11. Be3 b6 12. d5 Nh7 13. Nh4 Nc5 14. Qd2 Bf6 15. Nf3 Ng5 16. Nxg5 Bxg5 17. Bxg5 Qxg5 18. Qxg5 hxg5 19. Nb5 Re7 20. Rad1 f5 21. exf5 gxf5 22. f4 gxf4 23. gxf4 e4 24. Re3 Rg7 25. b3 Ba6 26. Kh2 Bxb5 27. cxb5 Kf7 28. Rg3 Rag8 29. Rxg7+ Rxg7 30. Bf1 Kf6 31. Be2 Rh7 32. Rg1 Rh8 33. Rc1 Nd3 34. Bxd3 exd3 35. Rd1 Re8 36. Rxd3 Re2+ 37. Kg3 Rxa2 38. Kh4 Re2 39. Kg3 Re4 40. h4 Kg6 41. Rc3 Rb4 42. Rxc7 Rxb3+ 43. Kf2 Rxb5 44. Rc6 Rxd5 45. Rxb6 Kh5 46. Ke3 Kxh4 47. Kf3 Kh5 48. Ra6 Kg6 49. Ke3 Kf6 50. Ra8 Ke7 51. Ra7+ Ke6 52. Ra8 Kd7 0-1

[Event "Porto Alegre op"]
[Site "Porto Alegre"]
[Date "2023.05.05"]
[Round "1"]
[White "Lazzarotto, Marcio"]
[Black "Almeida, Joao Pedro Santos"]
[Result "0-1"]
[WhiteElo "1875"]
[BlackElo "1800"]
[PlyCount "94"]
[EventDate "2023.05.05"]
[EventType "swiss"]
[EventRounds "7"]
[EventCountry "BRA"]
[SourceTitle "CBM 214 Extra"]
[Source "ChessBase"]
[SourceDate "2023.07.31"]
[SourceVersion "1"]
[SourceVersionDate "2023.07.31"]
[SourceQuality "1"]

1. d4 Nf6 2. c4 g6 3. Nf3 Bg7 4. g3 c6 5. Bg2 d5 6. 0-0 0-0 7. Qc2 Bf5 8. Qb3 Qc8 9. Nc3 dxc4 10. Qxc4 Nbd7 11. Re1 Nb6 12. Qc5 Re8 13. e4 Bh3 14. Bh1 Nfd7 15. Qg5 e5 16. d5 Nc5 17. Qe3 cxd5 18. exd5 Bf5 19. Nh4 Nc4 20. Qe2 Bd3 21. Qd1 e4 22. Ng2 Bd4 23. Ne3 Nxe3 24. fxe3 Bxc3 25. bxc3 Qf5 26. Bb2 f6 27. c4 Nd7 28. Rc1 Rec8 29. Qb3 Ne5 30. Bxe5 fxe5 31. c5 Rf8 32. d6+ Kh8 33. Bg2 Rf7 34. Qb2 Raf8 35. h3 Qf2+ 36. Qxf2 Rxf2 37. Red1 Rxa2 38. Rxd3 exd3 39. Bxb7 Rc2 40. Rd1 d2 41. Kg2 Rb2 42. c6 a5 43. d7 Rc2 44. h4 a4 45. Kh3 a3 46. g4 a2 47. Kg3 Rc1 0-1